Top 30 NBA 2017 Players - Statistics

General Stats
  • This quiz has been taken 1,293 times
  • The average score is 27 of 30
Answer Stats
Rank Player Team % Correct
2 James Harden Houston Rockets
100%
4 LeBron James Cleveland Cavaliers
100%
1 Russell Westbrook Oklahoma City Thunder
100%
5 Kevin Durant Golden State Warriors
99%
11 Stephen Curry Golden State Warriors
99%
7 Giannis Antetokounmpo Milwaukee Bucks
98%
3 Kawhi Leonard San Antonio Spurs
98%
16 Damian Lillard Portland Trail Blazers
95%
15 Kyrie Irving Cleveland Cavaliers
95%
10 Chris Paul Los Angeles Clippers
94%
12 Anthony Davis New Orleans Pelicans
93%
9 DeMar DeRozan Toronto Raptors
93%
25 Klay Thompson Golden State Warriors
93%
8 John Wall Washington Wizards
92%
14 Paul George Indiana Pacers
92%
21 Draymond Green Golden State Warriors
91%
26 Bradley Beal Washington Wizards
89%
27 Nikola Jokic Denver Nuggets
89%
28 Kyle Lowry Toronto Raptors
88%
20 Karl-Anthony Towns Minnesota Timberwolves
86%
6 Isaiah Thomas Boston Celtics
85%
29 Kemba Walker Charlotte Hornets
85%
13 Jimmy Butler Chicago Bulls
84%
18 Marc Gasol Memphis Grizzlies
83%
23 Rudy Gobert Utah Jazz
82%
30 DeAndre Jordan Los Angeles Clippers
81%
24 Mike Conley Memphis Grizzlies
75%
22 DeMarcus Cousins New Orleans Pelicans
70%
19 Gordon Hayward Utah Jazz
63%
17 Paul Millsap Atlanta Hawks
63%
No matching quizzes found
Score Distribution
Percent of People with Each Score
Percentile by Number Answered
Your Score History
You have not taken this quiz